Zumo de guindas / (Record no. 59267)

MARC details
000 -CABECERA
campo de control de longitud fija 00544nam a2200205 a 4500
005 - FECHA Y HORA DE LA ÚLTIMA TRANSACCIÓN
campo de control 20220915063759.0
008 - ELEMENTOS DE LONGITUD FIJA--INFORMACIÓN GENERAL
campo de control de longitud fija 991125 bar 000 0 spa u
020 ## - NÚMERO INTERNACIONAL NORMALIZADO PARA LIBROS
Número Internacional Estándar del Libro 8432986569
035 ## - NÚMERO DE CONTROL DEL SISTEMA
Número de control de sistema UPN01000059267
049 ## - COLECCIÓN
Colección CG
050 #4 - SIGNATURA TOPOGRÁFICA DE LA BIBLIOTECA DEL CONGRESO
Número de clasificación PN3178 E4
Número de documento/Ítem R6.9
100 1# - ASIENTO PRINCIPAL--NOMBRE PERSONAL
Nombre de persona Romero, María del Pilar
245 10 - MENCIÓN DE TÍTULO
Título Zumo de guindas /
Mención de responsabilidad, etc. María del Pilar Romero
260 ## - PUBLICACIÓN, DISTRIBUCIÓN, ETC.
Lugar de publicación, distribución, etc. Barcelona (Esp.) :
Nombre del editor, distribuidor, etc. CEAC
300 ## - DESCRIPCIÓN FÍSICA
Extensión 118 p. :
Otras características físicas il
440 #0 - MENCIÓN DE SERIE/ASIENTO SECUNDARIO--TÍTULO
Título Teatro escolar
650 #7 - ASIENTO SECUNDARIO DE MATERIA - TERMINO TEMATICO
Término de materia o nombre geográfico como elemento de entrada Teatro escolar infantil
Fuente del encabezamiento o término
9 (RLIN) 6353
904 ## - ELEMENTOS DE DATOS D LOCAL, LDD (RLIN)
a AC
b 059270
905 ## - TIPO DE MATERIAL
Tipo de material Libro
Holdings
Estado de retiro Estado de pérdida Fuente del sistema de clasificación o colocación Estado dañado No para préstamo Código de colección Localización permanente Ubicación/localización actual Ubicación en estantería Enumeración/cronología de publicación seriada Total de préstamos Clasificación Código de barras Fecha visto por última vez Número de copia Tipo de ítem Koha
    Library of Congress Classification     Colección General Bib. Gregorio Torres Quintero Bib. Gregorio Torres Quintero Planta baja - 3 PN3178 E4 R6.9 104638 31/12/2020 1 Libro